Водородный показатель суспензии как характеристика процессов, протекающих в сложных системах; Физико-химические процессы в неорганических материалах; Ч. 2

Podrobná bibliografie
Parent link:Физико-химические процессы в неорганических материалах: международная конференция, 6-9 октября : тезисы докладов.— , 1998
Ч. 2.— 1998.— С. 33
Hlavní autor: Иконникова Л. Ф. Любовь Федоровна
Korporativní autor: Томский государственный университет (ТГУ)
Další autoři: Минакова Т. С.
Shrnutí:В фонде НТБ ТПУ отсутствует
Jazyk:ruština
Vydáno: 1998
Témata:
Médium: Kapitola
KOHA link:https://koha.lib.tpu.ru/cgi-bin/koha/opac-detail.pl?biblionumber=601913

MARC

LEADER 00000naa0a2200000 4500
001 601913
005 20250224090455.0
035 |a (RuTPU)RU\TPU\tpu\27090 
035 |a RU\TPU\tpu\27089 
090 |a 601913 
100 |a 20150413d1998 k y0rusy50 ca 
101 0 |a rus 
102 |a RU 
200 1 |a Водородный показатель суспензии как характеристика процессов, протекающих в сложных системах  |f Л. Ф. Иконникова, Т. С. Минакова 
333 |a В фонде НТБ ТПУ отсутствует 
461 |t Физико-химические процессы в неорганических материалах  |o международная конференция, 6-9 октября : тезисы докладов  |d 1998 
463 |t Ч. 2  |v С. 33  |d 1998 
610 1 |a труды учёных ТПУ 
700 1 |a Иконникова  |b Л. Ф.  |c химик  |c доцент Томского политехнического университета, кандидат химических наук  |f 1953-  |g Любовь Федоровна  |3 (RuTPU)RU\TPU\pers\29008 
701 1 |a Минакова  |b Т. С. 
712 0 2 |a Томский государственный университет (ТГУ)  |3 (RuTPU)RU\TPU\col\397 
801 2 |a RU  |b 63413507  |c 20150413  |g RCR 
942 |c BK